00630nam a2200169 a 450000500170000000800410001702000180005805000240007610000220010024501110012226000300023330000210026352100080028465000470029265000670033965000540040620140310183441.0080519s19uu xx 00 eng d a9780275989132 aLC 3981b.Os83 2008 aOsgood, Robert L. aThe history of special education :ba struggle for equality in American public schools /cRobert L. Osgood aLondon :bPraeger,c2008. a157 p. :c24 cm. aEDU aSpecial educationxUnited StatesxHistory. aChildren with disabilitiesxEducationxUnited StatesxHistory. aEducational equalizationxUnited StatesxHistory.